Most Populated Capitals - Statistics

General Stats
  • This quiz has been taken 41 times
  • The average score is 20 of 26
Answer Stats
Population Capital % Correct
20,693,000 Beijing
97%
13,189,000 Tokyo
97%
10,230,350 Cairo
92%
10,187,595 Jakarta
92%
8,630,100 London
92%
8,851,080 Mexico City
92%
8,249,117 Bangkok
87%
11,541,000 Moscow
87%
16,787,949 New Delhi
87%
9,989,795 Seoul
85%
12,877,253 Manila
77%
3,520,000 Berlin
74%
8,481,415 Lima
74%
7,613,303 Bogotá
72%
10,125,000 Kinshasa
72%
5,084,038 Santiago
72%
8,846,782 Tehran
72%
8,906,000 Dhaka
69%
5,535,000 Singapore
69%
7,587,800 Hanoi
67%
3,233,527 Madrid
67%
4,878,723 Riyadh
67%
7,216,040 Baghdad
62%
3,415,811 Algiers
56%
5,150,072 Ankara
51%
3,500,000 Damascus
33%
No matching quizzes found
Score Distribution
Percent of People with Each Score
Percentile by Number Answered
Your Score History
You have not taken this quiz